| 000 | 00706nam a2200217 4500 | ||
|---|---|---|---|
| 003 | OSt | ||
| 005 | 20260601193847.0 | ||
| 008 | 260508b1966 enka|||| |||| 00| 0 eng d | ||
| 040 |
_aICI _bspa _cICI |
||
| 050 |
_aNC997 _bT73 |
||
| 245 | 1 |
_aTrademarks : _bA handbook of international designs / _cBy Peter wildbur [comp.] |
|
| 264 |
_bStudio vista ; new york : _bVan Nostrand Reinhold, _cc1966 _aLondon : |
||
| 300 |
_a96 páginas _c20cm. |
||
| 336 |
_atexto _2rdacontent |
||
| 337 |
_asin medio _2rdamedia |
||
| 338 |
_avolumen _2rdacarrier |
||
| 490 | 0 |
_aIntroductory handbooks to art and design ; _v12/6 |
|
| 650 | _aMarcas registradas | ||
| 700 |
_aWildbur, Peter _ecompilador _931669 |
||
| 942 |
_2lcc _cB _n1 |
||
| 999 |
_c21702 _d21702 |
||